[Event "Olomouc Chess Summer 2022 - A"]
[Site "Olomouc (CZE), Hotel Flora"]
[Date "2022.08.19"]
[Round "8"]
[Board "4"]
[White "Frank, Adam"]
[Black "Stalmach, Richard"]
[Result "1/2-1/2"]
[WhiteElo "2307"]
[BlackElo "2387"]
[PlyCount "0"]
[EventDate "2022.08.13"]
[EventRounds "9"]
[EventCountry "CZE"]

1. e4 {[%clk 1:30:56]} c5 {[%clk 1:30:24]} 2. Nf3 {[%clk 1:31:10]} Nc6
{[%clk 1:30:01]} 3. d4 {[%clk 1:31:25]} cxd4 {[%clk 1:30:17]} 4. Nxd4
{[%clk 1:31:47]} e6 {[%clk 1:30:12]} 5. Nc3 {[%clk 1:32:07]} Qc7 {[%clk 1:29:14]}
6. Be3 {[%clk 1:31:41]} a6 {[%clk 1:29:19]} 7. Be2 {[%clk 1:31:55]} Nf6
{[%clk 1:29:13]} 8. O-O {[%clk 1:32:14]} Be7 {[%clk 1:29:08]} 9. f4
{[%clk 1:32:37]} d6 {[%clk 1:29:07]} 10. Qe1 {[%clk 1:32:33]} O-O
{[%clk 1:29:05]} 11. Qg3 {[%clk 1:32:36]} Bd7 {[%clk 1:28:17]} 12. e5
{[%clk 1:31:51]} dxe5 {[%clk 1:27:49]} 13. fxe5 {[%clk 1:32:16]} Nxe5
{[%clk 1:27:41]} 14. Bf4 {[%clk 1:32:38]} Bd6 {[%clk 1:27:32]} 15. Rad1
{[%clk 1:32:39]} Qb8 {[%clk 1:27:27]} 16. Rd3 {[%clk 1:32:19]} Ne8
{[%clk 1:27:09]} 17. Ne4 {[%clk 1:32:14]} Bc7 {[%clk 1:27:17]} 18. Rc3
{[%clk 1:32:16]} Nc6 {[%clk 1:26:09]} 19. Bxc7 {[%clk 1:31:12]} Nxd4
{[%clk 1:25:32]} 20. Bd3 {[%clk 1:26:25]} Qa7 {[%clk 1:24:35]} 21. Nc5
{[%clk 1:25:41]} Nxc7 {[%clk 1:19:31]} 22. Bxh7+ {[%clk 1:22:45]} Kxh7
{[%clk 1:19:02]} 23. Qxg7+ {[%clk 1:23:10]} Kxg7 {[%clk 1:19:27]} 24. Rg3+
{[%clk 1:23:38]} Kh7 {[%clk 1:19:49]} 25. Rh3+ {[%clk 1:24:03]} Kg6
{[%clk 1:20:16]} 26. Rg3+ {[%clk 1:24:31]} Kh5 {[%clk 1:20:43]} 27. Rh3+
{[%clk 1:24:56]} Kg4 {[%clk 1:21:10]}  1/2-1/2

[Event "Olomouc Chess Summer 2022 - A"]
[Site "Olomouc (CZE), Hotel Flora"]
[Date "2022.08.19"]
[Round "8"]
[Board "5"]
[White "Winkelman, Albert"]
[Black "Pap, Gyula"]
[Result "1/2-1/2"]
[WhiteElo "2278"]
[BlackElo "2481"]
[PlyCount "0"]
[EventDate "2022.08.13"]
[EventRounds "9"]
[EventCountry "CZE"]

1. e4 e5 2. Nf3 Nf6 3. Nxe5 d6 4. Nc4 Nxe4 5. Bd3 Nf6 6. O-O d5 7. Re1+ Be6 8.
Ne3 Bc5 9. Bf5 Nc6 10. c3 O-O 11. d4 Bd6 12. Bc2 Ne7 13. Nd2 c6 14. Ndf1 Ne4 15.
f3 Nf6 16. Ng3 c5 17. Nef5 Bxf5 18. Nxf5 Nxf5 19. Bxf5 Qc7 20. g3 Rfe8 21. Be3
cxd4 22. cxd4 Qb6 23. Qb3 Qxb3 24. axb3 g6 25. Bd3 Bc7 26. Bd2 Bb6 27. Bc3 Rxe1+
28. Rxe1 Re8 29. Rxe8+ Nxe8 30. Kf2 Nd6 31. Ke3 Kf8 32. Bb4 Ke7 33. Bc5 Ke6
 1/2-1/2

[Event "Olomouc Chess Summer 2022 - A"]
[Site "Olomouc (CZE), Hotel Flora"]
[Date "2022.08.20"]
[Round "9"]
[Board "1"]
[White "Pap, Gyula"]
[Black "Mirzoev, Azer"]
[Result "1/2-1/2"]
[WhiteElo "2481"]
[BlackElo "2435"]
[PlyCount "0"]
[EventDate "2022.08.13"]
[EventRounds "9"]
[EventCountry "CZE"]

1. e4 e5 2. Nf3 Nf6 3. Nxe5 d6 4. Nf3 Nxe4 5. Qe2 Qe7 6. d3 Nf6 7. Bg5 Qxe2+ 8.
Bxe2 Be7 9. O-O O-O 10. Nc3 c6 11. Rfe1  1/2-1/2

[Event "Olomouc Chess Summer 2022 - A"]
[Site "Olomouc (CZE), Hotel Flora"]
[Date "2022.08.20"]
[Round "9"]
[Board "3"]
[White "Lutsko, Artem"]
[Black "Frank, Adam"]
[Result "1-0"]
[WhiteElo "2407"]
[BlackElo "2307"]
[PlyCount "0"]
[EventDate "2022.08.13"]
[EventRounds "9"]
[EventCountry "CZE"]

1. d4 {[%clk 1:30:59]} Nf6 {[%clk 1:30:52]} 2. c4 {[%clk 1:31:24]} g6
{[%clk 1:31:18]} 3. Nc3 {[%clk 1:31:51]} Bg7 {[%clk 1:31:45]} 4. e4
{[%clk 1:32:15]} d6 {[%clk 1:32:11]} 5. h3 {[%clk 1:32:40]} O-O {[%clk 1:32:37]}
6. Be3 {[%clk 1:33:08]} c5 {[%clk 1:33:03]} 7. Nf3 {[%clk 1:32:08]} cxd4
{[%clk 1:33:28]} 8. Nxd4 {[%clk 1:32:36]} b6 {[%clk 1:33:48]} 9. g3
{[%clk 1:24:00]} Bb7 {[%clk 1:30:33]} 10. Bg2 {[%clk 1:24:25]} Nbd7
{[%clk 1:20:47]} 11. O-O {[%clk 1:18:42]} Rc8 {[%clk 1:20:37]} 12. b3
{[%clk 1:08:53]} Nc5 {[%clk 1:18:21]} 13. Qc2 {[%clk 1:07:40]} a6
{[%clk 1:04:32]} 14. Rac1 {[%clk 0:55:41]} Ba8 {[%clk 0:47:56]} 15. Rfd1
{[%clk 0:54:19]} Qe8 {[%clk 0:48:10]} 16. Nde2 {[%clk 0:46:10]} Rc7
{[%clk 0:41:05]} 17. Nf4 {[%clk 0:43:10]} Qb8 {[%clk 0:41:04]} 18. Nfd5
{[%clk 0:42:40]} Nxd5 {[%clk 0:37:17]} 19. Nxd5 {[%clk 0:43:06]} Bxd5
{[%clk 0:37:44]} 20. exd5 {[%clk 0:39:52]} Rfc8 {[%clk 0:31:08]} 21. h4
{[%clk 0:39:45]} b5 {[%clk 0:26:57]} 22. Bh3 {[%clk 0:39:50]} Nd7
{[%clk 0:26:20]} 23. c5 {[%clk 0:40:16]} f5 {[%clk 0:18:23]} 24. c6
{[%clk 0:39:35]} Ne5 {[%clk 0:18:50]} 25. f4 {[%clk 0:39:00]} Nf7
{[%clk 0:19:00]} 26. g4 {[%clk 0:39:23]} fxg4 {[%clk 0:19:01]} 27. Bxg4
{[%clk 0:39:50]} Rf8 {[%clk 0:19:26]} 28. h5 {[%clk 0:26:49]} gxh5
{[%clk 0:19:29]} 29. Be6 {[%clk 0:27:16]} Kh8 {[%clk 0:19:55]} 30. Qe2
{[%clk 0:27:02]} Nd8 {[%clk 0:17:50]} 31. Bd7 {[%clk 0:26:46]} Rxd7
{[%clk 0:18:16]} 32. cxd7 {[%clk 0:27:13]} Qb7 {[%clk 0:18:43]} 33. Qxh5
{[%clk 0:27:39]} Qxd7 {[%clk 0:19:10]} 34. Kf2 {[%clk 0:26:41]} e5
{[%clk 0:17:41]} 35. Rh1 {[%clk 0:26:51]} h6 {[%clk 0:18:06]} 36. Rcg1
{[%clk 0:26:34]} exf4 {[%clk 0:15:04]} 37. Qxh6+ {[%clk 0:26:28]}  1-0

[Event "Olomouc Chess Summer 2022 - A"]
[Site "Olomouc (CZE), Hotel Flora"]
[Date "2022.08.20"]
[Round "9"]
[Board "4"]
[White "Baum, Jonasz"]
[Black "Krejci, Jan"]
[Result "1-0"]
[WhiteElo "2412"]
[BlackElo "2515"]
[PlyCount "0"]
[EventDate "2022.08.13"]
[EventRounds "9"]
[EventCountry "CZE"]

1. d4 {[%clk 1:30:17]} d5 {[%clk 1:30:55]} 2. Nf3 {[%clk 1:29:40]} e6
{[%clk 1:30:47]} 3. c4 {[%clk 1:30:04]} a6 {[%clk 1:31:12]} 4. Nbd2
{[%clk 1:30:12]} Nf6 {[%clk 1:30:08]} 5. g3 {[%clk 1:30:33]} b6 {[%clk 1:24:25]}
6. Bg2 {[%clk 1:30:54]} Bb7 {[%clk 1:24:50]} 7. O-O {[%clk 1:31:01]} Nbd7
{[%clk 1:21:28]} 8. b3 {[%clk 1:30:39]} Be7 {[%clk 1:20:21]} 9. Bb2
{[%clk 1:30:36]} O-O {[%clk 1:20:45]} 10. Rc1 {[%clk 1:30:50]} c5
{[%clk 1:18:21]} 11. dxc5 {[%clk 1:24:40]} bxc5 {[%clk 1:17:32]} 12. Ne5
{[%clk 1:19:09]} Nxe5 {[%clk 1:16:44]} 13. Bxe5 {[%clk 1:19:27]} Qb6
{[%clk 1:17:10]} 14. cxd5 {[%clk 1:19:35]} exd5 {[%clk 1:17:34]} 15. Qc2
{[%clk 1:16:13]} Rfe8 {[%clk 1:17:07]} 16. Bxf6 {[%clk 1:10:11]} Qxf6
{[%clk 1:16:47]} 17. e4 {[%clk 1:10:30]} Rad8 {[%clk 1:08:40]} 18. exd5
{[%clk 1:09:16]} Bxd5 {[%clk 1:09:02]} 19. Bxd5 {[%clk 1:09:41]} Rxd5
{[%clk 1:09:28]} 20. Nc4 {[%clk 1:07:05]} Bf8 {[%clk 1:07:52]} 21. Rfe1
{[%clk 0:57:32]} Red8 {[%clk 1:08:06]} 22. Qc3 {[%clk 0:57:15]} Rd4
{[%clk 1:05:04]} 23. Kg2 {[%clk 0:56:48]} R8d5 {[%clk 1:02:50]} 24. Re2
{[%clk 0:49:46]} Rh5 {[%clk 0:59:06]} 25. h4 {[%clk 0:43:29]} Rf5
{[%clk 0:49:54]} 26. Rce1 {[%clk 0:38:30]} h6 {[%clk 0:50:19]} 27. Qc2
{[%clk 0:37:40]} g6 {[%clk 0:42:19]} 28. Re8 {[%clk 0:35:05]} Kg7
{[%clk 0:39:45]} 29. Kg1 {[%clk 0:33:44]} Rfd5 {[%clk 0:36:36]} 30. Qe2
{[%clk 0:32:36]} g5 {[%clk 0:29:29]} 31. Ne3 {[%clk 0:28:42]} Re5
{[%clk 0:25:34]} 32. Rxe5 {[%clk 0:28:39]} Qxe5 {[%clk 0:26:02]} 33. hxg5
{[%clk 0:27:54]} Qxg5 {[%clk 0:26:01]} 34. Qxa6 {[%clk 0:26:17]} c4
{[%clk 0:24:58]} 35. Qc8 {[%clk 0:22:14]} Rf4 {[%clk 0:23:12]} 36. Rd1
{[%clk 0:19:27]} Rf3 {[%clk 0:20:21]} 37. Kg2 {[%clk 0:16:44]} Rxe3
{[%clk 0:19:50]} 38. fxe3 {[%clk 0:17:06]} Qxe3 {[%clk 0:20:17]} 39. Qg4+
{[%clk 0:16:10]} Kh7 {[%clk 0:19:16]} 40. Qxc4 {[%clk 0:16:00]}  1-0

[Event "Olomouc Chess Summer 2022 - A"]
[Site "Olomouc (CZE), Hotel Flora"]
[Date "2022.08.20"]
[Round "9"]
[Board "5"]
[White "Svanda, Ondrej"]
[Black "Sorm, Daniel"]
[Result "0-1"]
[WhiteElo "2389"]
[BlackElo "2308"]
[PlyCount "0"]
[EventDate "2022.08.13"]
[EventRounds "9"]
[EventCountry "CZE"]

1. e4 c5 2. Nf3 e6 3. g3 Nc6 4. Bg2 Nf6 5. Qe2 e5 6. O-O Be7 7. d3 O-O 8. a4 Re8
9. Na3 Bf8 10. Bg5 h6 11. Bxf6 Qxf6 12. Nc4 d6 13. c3 g6 14. Nfd2 Qe7 15. Ne3 Bg7
16. f4 exf4 17. gxf4 f5 18. Qf2 Be6 19. Qg3 Qf7 20. Kh1 Ne7 21. Rg1 d5 22. exd5
Nxd5 23. Nec4 Qc7 24. Qxg6 Nxf4 25. Qg3 Re7 26. Rae1 Rae8 27. Rgf1 Nxg2 28. Qxc7
Rxc7 29. Kxg2 Rd7 30. Rxf5 Rxd3 31. Rxc5 Bh3+ 32. Kf2 Rf8+ 33. Ke2 Rfd8 34. Rg1
R3d7 35. Rh5 Re7+ 36. Ne3 Bd7 37. Nb3 Rde8 38. Rg3 Rxe3+ 39. Rxe3 Bg4+  0-1

[Event "Olomouc Chess Summer 2022 - B1"]
[Site "Olomouc (CZE), Hotel Flora"]
[Date "2022.08.13"]
[Round "1"]
[Board "1"]
[White "Poschadel, Andreas Gregor"]
[Black "Jurek, Josef"]
[Result "1/2-1/2"]
[WhiteElo "2073"]
[BlackElo "2212"]
[PlyCount "0"]
[EventDate "2022.08.13"]
[EventRounds "9"]
[EventCountry "CZE"]

1. e4 {[%clk 1:30:55]} e6 {[%clk 1:30:12]} 2. d4 {[%clk 1:31:15]} d5
{[%clk 1:30:16]} 3. Nc3 {[%clk 1:31:33]} Nc6 {[%clk 1:29:06]} 4. e5
{[%clk 1:31:20]} f6 {[%clk 1:28:32]} 5. Bb5 {[%clk 1:31:19]} Bd7 {[%clk 1:27:30]}
6. Nf3 {[%clk 1:30:04]} Qe7 {[%clk 1:25:49]} 7. a4 {[%clk 1:23:28]} Qf7
{[%clk 1:24:05]} 8. Ne2 {[%clk 1:14:50]} Nge7 {[%clk 1:18:24]} 9. a5
{[%clk 0:56:50]} a6 {[%clk 1:09:36]} 10. Ba4 {[%clk 0:54:42]} Ng6
{[%clk 1:05:51]} 11. O-O {[%clk 0:48:24]} Nb8 {[%clk 0:53:02]} 12. Bb3
{[%clk 0:37:54]} Nc6 {[%clk 0:51:49]} 13. Ba4 {[%clk 0:32:14]} Nb8
{[%clk 0:47:18]} 14. Bb3 {[%clk 0:32:32]} Nc6 {[%clk 0:45:03]} 15. Ba4
{[%clk 0:32:53]}  1/2-1/2

[Event "Olomouc Chess Summer 2022 - B1"]
[Site "Olomouc (CZE), Hotel Flora"]
[Date "2022.08.13"]
[Round "1"]
[Board "2"]
[White "Stinka, Jakub"]
[Black "Lalic, Bogdan"]
[Result "1/2-1/2"]
[WhiteElo "2329"]
[BlackElo "2415"]
[PlyCount "0"]
[EventDate "2022.08.13"]
[EventRounds "9"]
[EventCountry "CZE"]

1. d4 {[%clk 1:30:52]} Nf6 {[%clk 1:30:41]} 2. c4 {[%clk 1:31:11]} c5
{[%clk 1:30:55]} 3. d5 {[%clk 1:31:15]} b5 {[%clk 1:31:11]} 4. cxb5
{[%clk 1:31:36]} a6 {[%clk 1:31:32]} 5. b6 {[%clk 1:31:47]} e6 {[%clk 1:31:43]}
6. Nc3 {[%clk 1:31:44]} Nxd5 {[%clk 1:31:48]} 7. Nxd5 {[%clk 1:32:10]} exd5
{[%clk 1:32:10]} 8. Qxd5 {[%clk 1:32:27]} Nc6 {[%clk 1:32:28]} 9. Nf3
{[%clk 1:31:20]} Rb8 {[%clk 1:32:35]} 10. e4 {[%clk 1:27:33]} Be7
{[%clk 1:32:40]} 11. Bc4 {[%clk 1:27:15]} O-O {[%clk 1:32:58]} 12. O-O
{[%clk 1:25:52]} Rxb6 {[%clk 1:33:15]} 13. Qh5 {[%clk 1:24:01]} d6
{[%clk 1:33:19]} 14. b3 {[%clk 1:21:09]} Be6 {[%clk 1:33:30]} 15. Bxe6
{[%clk 1:21:11]} fxe6 {[%clk 1:33:52]} 16. Bb2 {[%clk 1:17:13]} Bf6  1/2-1/2

[Event "Olomouc Chess Summer 2022 - B1"]
[Site "Olomouc (CZE), Hotel Flora"]
[Date "2022.08.13"]
[Round "1"]
[Board "3"]
[White "Kukelko, Alexey"]
[Black "Nagy, Ladislav"]
[Result "1/2-1/2"]
[WhiteElo "2260"]
[BlackElo "2194"]
[PlyCount "0"]
[EventDate "2022.08.13"]
[EventRounds "9"]
[EventCountry "CZE"]

1. e4 {[%clk 1:30:26]} c5 {[%clk 1:30:51]} 2. Nf3 {[%clk 1:30:27]} Nc6
{[%clk 1:31:09]} 3. d4 {[%clk 1:29:56]} cxd4 {[%clk 1:31:21]} 4. Nxd4
{[%clk 1:30:16]} e6 {[%clk 1:31:23]} 5. Nc3 {[%clk 1:29:16]} Qc7 {[%clk 1:31:20]}
6. Be3 {[%clk 1:29:09]} a6 {[%clk 1:31:02]} 7. Qf3 {[%clk 1:28:08]} b5
{[%clk 1:28:14]} 8. Qg3 {[%clk 1:24:00]} Qxg3 {[%clk 1:28:00]} 9. hxg3
{[%clk 1:24:16]} Bb7 {[%clk 1:25:46]} 10. f3 {[%clk 1:22:42]} Nf6
{[%clk 1:23:00]} 11. g4 {[%clk 1:21:24]} d6 {[%clk 1:20:04]} 12. g5
{[%clk 1:16:16]} Nd7 {[%clk 1:15:46]} 13. O-O-O {[%clk 1:11:28]} Be7
{[%clk 1:11:05]} 14. Be2 {[%clk 0:51:13]} O-O {[%clk 0:57:03]} 15. Rh3
{[%clk 0:49:07]} Nxd4 {[%clk 0:49:51]} 16. Rxd4 {[%clk 0:49:22]} Rfd8
{[%clk 0:45:53]} 17. Rh1 {[%clk 0:40:10]} Bc6 {[%clk 0:35:13]}  1/2-1/2

[Event "Olomouc Chess Summer 2022 - B1"]
[Site "Olomouc (CZE), Hotel Flora"]
[Date "2022.08.13"]
[Round "1"]
[Board "4"]
[White "Jasny, Stanislav"]
[Black "Kusa, Jakub"]
[Result "1/2-1/2"]
[WhiteElo "2248"]
[BlackElo "2373"]
[PlyCount "0"]
[EventDate "2022.08.13"]
[EventRounds "9"]
[EventCountry "CZE"]

1. d4 d5 2. c4 e6 3. Nc3 a6 4. cxd5 exd5 5. Nf3 c6 6. Bf4 Bd6 7. Bxd6 Qxd6 8. e4
dxe4 9. Nxe4 Qe7 10. Qe2 Nd7 11. O-O-O Ngf6 12. Nxf6+ Nxf6 13. Qxe7+ Kxe7 14. Bc4
Rd8 15. Rhe1+ Kf8 16. Ng5 Rd7 17. Rd2 h6 18. Nf3 Rc7 19. Ne5 Bf5 20. f3 h5 21.
Bd3 Bxd3 22. Nxd3 Rd8 23. Nc5 Nd5 24. Re5 g6 25. a3 Nb6 26. b3 Nd5 27. Kc2 a5 28.
h4 b6 29. Na4 Rb7 30. g3  1/2-1/2

[Event "Olomouc Chess Summer 2022 - B1"]
[Site "Olomouc (CZE), Hotel Flora"]
[Date "2022.08.13"]
[Round "1"]
[Board "5"]
[White "Gimenez Menchon, Cesar"]
[Black "Nytra, Ondrej"]
[Result "0-1"]
[WhiteElo "2205"]
[BlackElo "2202"]
[PlyCount "0"]
[EventDate "2022.08.13"]
[EventRounds "9"]
[EventCountry "CZE"]

1. e4 {[%clk 1:30:54]} e5 {[%clk 1:30:55]} 2. Nf3 {[%clk 1:31:17]} Nc6
{[%clk 1:31:20]} 3. Nc3 {[%clk 1:31:41]} Nf6 {[%clk 1:31:29]} 4. d4
{[%clk 1:32:06]} exd4 {[%clk 1:31:54]} 5. Nxd4 {[%clk 1:32:31]} Bb4
{[%clk 1:31:44]} 6. Nxc6 {[%clk 1:32:55]} bxc6 {[%clk 1:32:11]} 7. Bd3
{[%clk 1:33:18]} d5 {[%clk 1:32:35]} 8. Bd2 {[%clk 1:33:28]} O-O {[%clk 1:26:35]}
9. O-O {[%clk 1:33:50]} Bxc3 {[%clk 1:25:12]} 10. Bxc3 {[%clk 1:33:59]} Nxe4
{[%clk 1:25:36]} 11. Bxe4 {[%clk 1:34:23]} dxe4 {[%clk 1:26:03]} 12. Qh5
{[%clk 1:34:17]} f5 {[%clk 1:08:42]} 13. Rad1 {[%clk 1:33:58]} Qe7
{[%clk 1:05:47]} 14. Rfe1 {[%clk 1:34:06]} Bb7 {[%clk 1:00:51]} 15. Re3
{[%clk 1:30:55]} f4 {[%clk 0:50:36]} 16. Rh3 {[%clk 1:29:27]} g6 {[%clk 0:51:00]}
17. Qh6 {[%clk 1:16:43]} Rad8 {[%clk 0:51:18]} 18. Re1 {[%clk 1:16:25]} Rf5
{[%clk 0:43:44]} 19. Rh4 {[%clk 1:11:40]} g5 {[%clk 0:28:33]} 20. Rg4
{[%clk 1:08:37]} Rd6 {[%clk 0:28:59]} 21. Qh5 {[%clk 1:08:12]} Rg6
{[%clk 0:29:23]} 22. h4 {[%clk 1:05:37]} c5 {[%clk 0:29:15]} 23. Rd1
{[%clk 0:34:14]} Bc6 {[%clk 0:27:44]} 24. hxg5 {[%clk 0:29:13]} e3
{[%clk 0:23:11]} 25. fxe3 {[%clk 0:24:48]} Rfxg5 {[%clk 0:22:51]} 26. Rxg5
{[%clk 0:20:08]} Rxg5 {[%clk 0:23:12]} 27. Qh6 {[%clk 0:19:39]} Qxe3+
{[%clk 0:23:30]} 28. Kh1 {[%clk 0:18:35]} Bxg2+ {[%clk 0:23:55]} 29. Kh2
{[%clk 0:18:59]} Qg3+ {[%clk 0:24:20]}  0-1

[Event "Olomouc Chess Summer 2022 - B1"]
[Site "Olomouc (CZE), Hotel Flora"]
[Date "2022.08.14"]
[Round "2"]
[Board "1"]
[White "Jurek, Josef"]
[Black "Nytra, Ondrej"]
[Result "1/2-1/2"]
[WhiteElo "2212"]
[BlackElo "2202"]
[PlyCount "0"]
[EventDate "2022.08.13"]
[EventRounds "9"]
[EventCountry "CZE"]

1. d4 {[%clk 1:30:46]} d5 {[%clk 1:30:53]} 2. Nf3 {[%clk 1:30:54]} c6
{[%clk 1:31:15]} 3. c4 {[%clk 1:31:07]} e6 {[%clk 1:31:41]} 4. Nbd2
{[%clk 1:31:11]} Nf6 {[%clk 1:29:30]} 5. g3 {[%clk 1:31:24]} Nbd7
{[%clk 1:27:03]} 6. Bg2 {[%clk 1:31:37]} Bd6 {[%clk 1:26:06]} 7. O-O
{[%clk 1:31:41]} O-O {[%clk 1:26:30]} 8. Qc2 {[%clk 1:31:09]} b6 {[%clk 1:24:39]}
9. e4 {[%clk 1:27:55]} dxe4 {[%clk 1:22:13]} 10. Ng5 {[%clk 1:26:13]} Bb7
{[%clk 1:18:14]} 11. Ndxe4 {[%clk 1:23:21]} Be7 {[%clk 1:15:12]} 12. Rd1
{[%clk 1:18:24]} h6 {[%clk 1:13:37]} 13. Nxf6+ {[%clk 1:16:18]} Nxf6
{[%clk 1:12:12]} 14. Ne4 {[%clk 1:14:50]} Nxe4 {[%clk 1:11:47]} 15. Qxe4
{[%clk 1:12:06]} Re8 {[%clk 1:10:21]} 16. Bf4 {[%clk 1:09:41]} Bf6
{[%clk 1:06:24]} 17. Be5 {[%clk 1:04:52]} Qe7 {[%clk 1:06:17]} 18. Bxf6
{[%clk 1:01:05]} Qxf6 {[%clk 1:06:24]} 19. Qe5 {[%clk 0:58:57]} Rad8
{[%clk 1:03:40]} 20. Qxf6 {[%clk 0:52:38]} gxf6 {[%clk 1:04:05]} 21. c5
{[%clk 0:46:44]} e5 {[%clk 0:54:47]} 22. dxe5 {[%clk 0:43:59]} Rxd1+
{[%clk 0:52:29]} 23. Rxd1 {[%clk 0:44:14]} Rxe5 {[%clk 0:51:16]} 24. cxb6
{[%clk 0:42:50]} axb6 {[%clk 0:51:42]} 25. Bf3 {[%clk 0:41:50]} Kf8
{[%clk 0:50:57]} 26. Rd7 {[%clk 0:34:15]} Re7 {[%clk 0:51:21]} 27. Rd8+
{[%clk 0:30:28]} Re8 {[%clk 0:51:46]} 28. Rxe8+ {[%clk 0:29:05]} Kxe8
{[%clk 0:52:09]} 29. Kg2 {[%clk 0:26:00]} f5 {[%clk 0:49:03]} 30. Kh3
{[%clk 0:21:36]} b5 {[%clk 0:46:55]} 31. Kh4 {[%clk 0:17:47]} Kf8
{[%clk 0:47:14]} 32. Kh5 {[%clk 0:17:34]} Kg7 {[%clk 0:47:40]} 33. b4
{[%clk 0:16:30]} Kh7 {[%clk 0:47:14]} 34. Bg2 {[%clk 0:13:45]} Kg7
{[%clk 0:46:40]} 35. f4 {[%clk 0:13:35]} Kh7 {[%clk 0:43:17]} 36. h3
{[%clk 0:13:08]} Kg7 {[%clk 0:42:59]} 37. g4 {[%clk 0:12:53]} f6 {[%clk 0:42:33]}
38. Bf3 {[%clk 0:09:05]} Kh7 {[%clk 0:42:31]} 39. Bd1 {[%clk 0:04:15]} Bc8
{[%clk 0:35:24]} 40. Bc2 {[%clk 0:04:24]} Be6 {[%clk 0:35:49]} 41. Bxf5+
{[%clk 0:02:55]} Bxf5 {[%clk 0:35:18]} 42. gxf5 {[%clk 0:03:16]} Kg7
{[%clk 0:35:46]} 43. Kh4 {[%clk 0:01:50]} Kg8 {[%clk 0:35:12]} 44. Kg4
{[%clk 0:02:01]} Kf8 {[%clk 0:35:18]} 45. Kf3 {[%clk 0:01:42]} Ke8
{[%clk 0:34:55]} 46. Ke3 {[%clk 0:01:04]} Ke7 {[%clk 0:35:06]} 47. Ke4
{[%clk 0:00:32]} Kd7 {[%clk 0:35:25]}  1/2-1/2

[Event "Olomouc Chess Summer 2022 - B1"]
[Site "Olomouc (CZE), Hotel Flora"]
[Date "2022.08.14"]
[Round "2"]
[Board "2"]
[White "Kusa, Jakub"]
[Black "Gimenez Menchon, Cesar"]
[Result "1-0"]
[WhiteElo "2373"]
[BlackElo "2205"]
[PlyCount "0"]
[EventDate "2022.08.13"]
[EventRounds "9"]
[EventCountry "CZE"]

1. d4 {[%clk 1:30:56]} d5 {[%clk 1:30:32]} 2. Nf3 {[%clk 1:31:18]} Nf6
{[%clk 1:30:55]} 3. c4 {[%clk 1:31:34]} dxc4 {[%clk 1:31:19]} 4. e3
{[%clk 1:31:40]} a6 {[%clk 1:31:42]} 5. Bxc4 {[%clk 1:31:07]} e6 {[%clk 1:31:56]}
6. O-O {[%clk 1:30:39]} c5 {[%clk 1:31:56]} 7. b3 {[%clk 1:30:24]} cxd4 8. Nxd4
{[%clk 1:29:44]} Bc5 {[%clk 1:22:04]} 9. Bb2 {[%clk 1:28:46]} O-O
{[%clk 1:20:38]} 10. Nd2 {[%clk 1:26:50]} Bd7 {[%clk 1:16:21]} 11. Rc1
{[%clk 1:23:33]} Ba7 {[%clk 1:09:20]} 12. N4f3 {[%clk 1:14:30]} Bc6
{[%clk 1:01:54]} 13. Ne5 {[%clk 1:09:31]} Bd5 {[%clk 1:02:15]} 14. Ba3
{[%clk 1:03:30]} Re8 {[%clk 1:01:44]} 15. Bxd5 {[%clk 1:02:57]} exd5
{[%clk 1:00:43]} 16. Bb2 {[%clk 0:59:04]} Nbd7 17. Nxd7 {[%clk 0:57:01]} Nxd7
{[%clk 0:52:24]} 18. Nf3 {[%clk 0:57:03]} Nf8 {[%clk 0:42:38]} 19. Qd2
{[%clk 0:54:25]} Qd7 {[%clk 0:33:58]} 20. Rfd1 {[%clk 0:54:30]} Rad8
{[%clk 0:33:17]} 21. Rc3 {[%clk 0:51:31]} f5 {[%clk 0:20:20]} 22. Rd3
{[%clk 0:50:34]} f4 {[%clk 0:20:42]} 23. exf4 {[%clk 0:49:07]} Ng6
{[%clk 0:17:09]} 24. Ne5 {[%clk 0:42:29]} Nxe5 {[%clk 0:10:23]} 25. Bxe5
{[%clk 0:42:33]} d4 {[%clk 0:09:19]} 26. Rg3 {[%clk 0:38:39]} g6 {[%clk 0:07:25]}
27. Qd3 {[%clk 0:38:02]} Re6 {[%clk 0:07:37]} 28. h4 {[%clk 0:37:23]} Qb5
{[%clk 0:05:58]} 29. Qxb5 {[%clk 0:33:05]} axb5 {[%clk 0:06:23]} 30. Rgd3
{[%clk 0:33:22]} Kf7 {[%clk 0:05:15]} 31. R3d2 {[%clk 0:32:43]} Ra6
{[%clk 0:05:08]} 32. Bxd4 {[%clk 0:32:08]} Bxd4 {[%clk 0:03:23]} 33. Rxd4
{[%clk 0:32:34]} Rxd4 {[%clk 0:03:44]} 34. Rxd4 {[%clk 0:33:02]} Ke6
{[%clk 0:03:58]} 35. Re4+ {[%clk 0:31:12]} Kd6 {[%clk 0:03:16]} 36. Re5
{[%clk 0:30:52]} Rxa2 {[%clk 0:02:40]} 37. Rxb5 {[%clk 0:31:14]} Kc6
{[%clk 0:02:57]} 38. Rg5 {[%clk 0:30:43]} Kd7 {[%clk 0:01:26]} 39. f5
{[%clk 0:30:38]} Ra6 {[%clk 0:01:26]} 40. fxg6 {[%clk 0:30:22]} hxg6
{[%clk 0:01:52]} 41. g4 {[%clk 0:30:19]} Rb6 {[%clk 0:01:18]} 42. b4
{[%clk 0:30:21]} Ke7 {[%clk 0:30:45]} 43. b5 {[%clk 1:00:37]} Kf6
{[%clk 0:31:08]} 44. Kg2 {[%clk 1:00:25]} Rd6 {[%clk 0:31:12]} 45. f3
{[%clk 1:00:05]} Rd2+ {[%clk 0:31:28]} 46. Kg3 {[%clk 1:00:10]} Rb2
{[%clk 0:31:47]} 47. Rc5 {[%clk 1:00:15]} Rb1 {[%clk 0:31:03]} 48. h5
{[%clk 1:00:23]} gxh5 {[%clk 0:30:32]} 49. Rxh5 {[%clk 1:00:45]} Kg6
{[%clk 0:29:57]} 50. Rd5 {[%clk 1:01:08]} Rb3 {[%clk 0:30:10]} 51. Kf4
{[%clk 1:00:16]} Rb4+ {[%clk 0:30:25]} 52. Ke5 {[%clk 1:00:26]} Rb3
{[%clk 0:28:55]} 53. f4 {[%clk 1:00:19]} Re3+ {[%clk 0:29:09]} 54. Kd6
{[%clk 1:00:36]} Re4 {[%clk 0:29:09]} 55. Kc7 {[%clk 1:00:17]} Rxf4
{[%clk 0:29:22]} 56. Kxb7 {[%clk 1:00:31]} Rxg4 {[%clk 0:29:47]} 57. Re5
{[%clk 1:00:32]} Kf6 {[%clk 0:30:12]} 58. Re1 {[%clk 1:00:47]} Rb4
{[%clk 0:30:03]} 59. b6 {[%clk 1:01:10]} Kf7 {[%clk 0:30:21]} 60. Kc7
{[%clk 1:01:15]} Rc4+ {[%clk 0:30:47]} 61. Kb8 {[%clk 1:00:49]} Rb4
{[%clk 0:31:11]} 62. b7 {[%clk 1:01:12]} Rb2 {[%clk 0:31:35]} 63. Ra1
{[%clk 1:01:14]}  1-0

[Event "Olomouc Chess Summer 2022 - B1"]
[Site "Olomouc (CZE), Hotel Flora"]
[Date "2022.08.14"]
[Round "2"]
[Board "3"]
[White "Nagy, Ladislav"]
[Black "Jasny, Stanislav"]
[Result "1/2-1/2"]
[WhiteElo "2194"]
[BlackElo "2248"]
[PlyCount "0"]
[EventDate "2022.08.13"]
[EventRounds "9"]
[EventCountry "CZE"]

1. e4 {[%clk 1:28:59]} c5 {[%clk 1:30:47]} 2. Nf3 {[%clk 1:28:58]} e6
{[%clk 1:31:02]} 3. d4 {[%clk 1:28:51]} cxd4 {[%clk 1:31:23]} 4. Nxd4
{[%clk 1:29:14]} Nc6 {[%clk 1:31:39]} 5. Nc3 {[%clk 1:29:00]} d6 {[%clk 1:31:51]}
6. Be3 {[%clk 1:16:32]} Nf6 {[%clk 1:31:58]} 7. Be2 {[%clk 1:13:09]} Be7
{[%clk 1:32:17]} 8. O-O {[%clk 1:12:25]} O-O {[%clk 1:32:39]} 9. Kh1
{[%clk 1:09:34]} a6 {[%clk 1:21:00]} 10. f4 {[%clk 1:08:06]} Qc7 {[%clk 1:20:30]}
11. Qe1 {[%clk 1:03:12]} Nxd4 {[%clk 1:20:48]} 12. Bxd4 {[%clk 1:03:33]} b5
{[%clk 1:21:13]} 13. a3 {[%clk 1:01:55]} Bb7 {[%clk 1:13:51]} 14. Qg3
{[%clk 0:59:17]} Bc6 {[%clk 1:12:06]} 15. Bd3 {[%clk 0:52:06]} Rad8
{[%clk 1:08:22]}  1/2-1/2